[Event "Oslo Stjernen op B"]
[Site "Oslo"]
[Date "2017.06.16"]
[Round "2"]
[White "Beitnes, Andreas Roberg"]
[Black "Padigalingam, Sivakumar"]
[Result "1-0"]
[WhiteElo "1255"]
[BlackElo "806"]
[PlyCount "42"]
[EventDate "2017.06.16"]
[EventType "swiss"]
[EventRounds "6"]
[EventCountry "NOR"]
[SourceTitle "EXT 2024"]
[Source "ChessBase"]
[SourceDate "2023.10.10"]
[SourceVersion "1"]
[SourceVersionDate "2023.10.10"]
[SourceQuality "1"]

1. e4 e5 2. Nf3 Nc6 3. Bb5 Nge7 4. Nc3 a6 5. Ba4 b5 6. Bb3 h6 7. d4 exd4 8. Nxd4 Na7 9. Qf3 f6 10. e5 f5 11. Qxa8 Nec6 12. Nxc6 Nxc6 13. e6 dxe6 14. Qxc6+ Bd7 15. Qxa6 Bb4 16. 0-0 0-0 17. Bxe6+ Bxe6 18. Qxe6+ Kh8 19. Nd5 Re8 20. Qxf5 Rf8 21. Qh5 g6 1-0